000 01048nam a22003017a 4500
001 5059
003 FISKH
005 20241104121038.0
008 241104b cb ||||| |||| 00| 0 eng d
020 _a9780439866293
040 _aFISKH
_beng
_cFISKH
_dFISKH
050 _aPZ7.F96624
082 _a833.914
100 _aFunke, Cornelia
245 _aInkdeath /
_cby Cornelia Funke
250 _aFirst Scholastic paperback printing, September 2009
260 _aNew York :
_bScholastic ;
_c2007 .
300 _a683 pages :
_billustrations ;
_c20 cm .
490 _aInkworld
_vBook 3
505 _aU
520 _aAs Bluejay--Mo's fictitious double--tries to keep the Book of Immortality from unraveling, Adderhead kidnaps all the children in the kingdom, asking for Bluejay's surrender or the children will be doomed to slavery in the silver mines.
521 8 _a830
_bLexile
521 8 _aU
_bRaz-Plus
650 _achildren's
_vfiction
700 _aAnthea, Bell
_eTranslator
942 _2ddc
_cBK
_n0
999 _c5059
_d5059